Clubs ayant gagné au moins deux fois la Ligue des champion_Mort Subite - Statistiques

Statistiques générales
  • Ce quiz a été pris 88 fois
  • Le résultat moyen est 10 sur 13
Answers on the Grid
Answers color-coded by a green-red scale on the quiz's grid according to % correct below.
Real Madrid
Ac Milan
Liverpool
FC Barcelone
Inter Milan
Bayern Munich
Ajax Amsterdam
Manchester United
Benfica Lisbonne
Chelsea
FC Porto
Juventus Turin
Nottingham Forest
Atletico Madrid
Reims
Paris SG
Celtic Glasgow
Etoile Rouge de Belgrade
Feyenoord Rotterdam
Manchester City
PSV Eindhoven
Steaua Bucarest
Arsenal
Olympique de Marseille
Hambourg SV
Tottenham
Sporting CP
 
Statistiques - réponses
Réponse % Correct
5 FC Barcelone
91%
15 Real Madrid
91%
6 Bayern Munich
83%
7 Ac Milan
82%
6 Liverpool
77%
3 Manchester United
77%
4 Ajax Amsterdam
76%
2 Chelsea
73%
2 Juventus Turin
73%
3 Inter Milan
70%
2 Nottingham Forest
64%
2 Benfica Lisbonne
52%
2 FC Porto
47%
Aucun quiz correspondant
Distribution des résultats
% des personnes avec chaque résultat
Percentile par nombre de réponses
Votre historique - résultats
Vous n’avez pas pris ce quiz